[Event "Online Olym Div2 D"]
[Site "Chess.com INT"]
[Date "2021.09.02"]
[Round "3.1"]
[White "Janzelj, Lara"]
[Black "Lakehal, Safae"]
[Result "1-0"]
[WhiteElo "2186"]
[BlackElo "1794"]
[PlyCount "77"]
[EventDate "2021.09.02"]
[EventType "team (rapid)"]
[EventRounds "9"]
[EventCountry "USA"]
[SourceTitle "CBM 204 Extra"]
[Source "ChessBase"]
[SourceDate "2021.11.30"]
[SourceVersion "1"]
[SourceVersionDate "2021.11.30"]
[SourceQuality "1"]
[WhiteTeam "Slovenia"]
[BlackTeam "Morocco"]
[WhiteTeamCountry "SLO"]
[BlackTeamCountry "MAR"]

1. d4 Nf6 2. c4 g6 3. Nc3 Bg7 4. e4 d6 5. Be2 0-0 6. Nf3 e5 7. d5 Ne8 8. a3 f5 9. Qc2 f4 10. h3 Nf6 11. b4 Nbd7 12. Bb2 a5 13. Ng5 Nb8 14. Rd1 Qe7 15. Nb5 axb4 16. axb4 Na6 17. Qb3 h6 18. Ne6 Bxe6 19. dxe6 Qxe6 20. Nc3 Nb8 21. Qc2 Nc6 22. Nb5 Nxb4 23. Qc3 Na6 24. c5 dxc5 25. Bc4 Qxc4 26. Qxc4+ Kh8 27. Bxe5 Rae8 28. Bxf6 Bxf6 29. 0-0 Re7 30. f3 c6 31. Nd6 Bd4+ 32. Rxd4 cxd4 33. Qxd4+ Kh7 34. e5 Rd8 35. Rb1 b5 36. Qxf4 Nc5 37. Qf6 Rdd7 38. f4 Re6 39. Qf8 1-0